000 00431nam a2200157Ia 4500
005 20250401115445.0
008 231217s9999 xx 000 0 und d
020 _a9788131411643
082 _a332.1 NAG;1 R
100 _aRao, Katuri. Nageswara ed.
245 0 _aFinancial system stability : Asian perspectives
260 _c2007
_bIcfai
_aHyderabad
300 _axv, 303
650 _aFinancial,stability,Asian
942 _cAA
999 _c189454
_d189454